[Event "Oberliga Baden 1011"]
[Site "Baden"]
[Date "2011.01.16"]
[Round "5.4"]
[White "Beck, Frederik"]
[Black "Villing, Dieter"]
[Result "1-0"]
[WhiteElo "2306"]
[BlackElo "2205"]
[PlyCount "81"]
[EventDate "2010.10.10"]
[EventType "team-tourn"]
[EventRounds "9"]
[EventCountry "GER"]
[SourceTitle "EXT 2012"]
[Source "ChessBase"]
[SourceDate "2011.11.24"]
[SourceVersion "1"]
[SourceVersionDate "2011.11.24"]
[SourceQuality "1"]
[WhiteTeam "Baden-Baden III"]
[BlackTeam "Ladenburg"]
[WhiteTeamCountry "GER"]
[BlackTeamCountry "GER"]

1. e4 e5 2. Nf3 Nc6 3. Bb5 Bc5 4. c3 f5 5. d4 fxe4 6. Bxc6 dxc6 7. Nxe5 Bd6 8. Qh5+ g6 9. Qe2 Qh4 10. Nd2 Nf6 11. h3 Be6 12. g3 Qh5 13. g4 Qh6 14. Nxe4 Qg7 15. Nxd6+ cxd6 16. Nxg6 Kd7 17. Nxh8 Rxh8 18. Be3 Re8 19. c4 Ne4 20. 0-0-0 Qf7 21. d5 cxd5 22. cxd5 Bxd5 23. Qb5+ Bc6 24. Qf5+ Qxf5 25. gxf5 Rf8 26. Rhg1 Rxf5 27. Rg7+ Ke6 28. Rxh7 Nxf2 29. Rh6+ Kf7 30. Bxf2 Rxf2 31. Rhxd6 Rh2 32. R1d3 Be4 33. Rc3 Bc6 34. Rd2 Rh1+ 35. Rd1 Rh2 36. Rd2 Rh1+ 37. Kc2 a6 38. Rd4 Ke6 39. Re3+ Kf5 40. h4 Rh2+ 41. Kc3 1-0

[Event "Boeblingen op 25th"]
[Site "Boeblingen"]
[Date "2008.12.27"]
[Round "3"]
[White "Schneider, Ilja"]
[Black "Beck, Frederik"]
[Result "1/2-1/2"]
[WhiteElo "2486"]
[BlackElo "2327"]
[PlyCount "59"]
[EventDate "2008.12.26"]
[EventType "swiss"]
[EventRounds "9"]
[EventCountry "GER"]
[SourceTitle "CBM 128 Extra"]
[Source "ChessBase"]
[SourceDate "2009.03.05"]
[SourceVersion "2"]
[SourceVersionDate "2009.03.25"]
[SourceQuality "1"]

1. d4 Nf6 2. Bg5 Ne4 3. Bf4 c5 4. f3 Qa5+ 5. c3 Nf6 6. Nd2 cxd4 7. Nb3 Qb6 8. Qxd4 Nc6 9. Qxb6 axb6 10. Nd4 e5 11. Nxc6 exf4 12. Nd4 Bc5 13. Nh3 Nd5 14. e4 fxe3 15. Bc4 Nb4 16. 0-0-0 Bxd4 17. Rxd4 d5 18. Bb3 Nc6 19. Rxd5 Be6 20. Rdd1 Bxb3 21. axb3 0-0 22. Rhe1 Rfe8 23. Nf4 Re5 24. Kc2 Rae8 25. Rd5 g5 26. Rxe5 Rxe5 27. Nh3 h6 28. Kd3 Rd5+ 29. Kxe3 Na5 30. Ke2 1/2-1/2

[Event "Oberliga Baden 0809"]
[Site "Germany"]
[Date "2008.12.14"]
[Round "4.2"]
[White "Arnold, Lothar"]
[Black "Beck, Frederik"]
[Result "1-0"]
[WhiteElo "2379"]
[BlackElo "2327"]
[PlyCount "75"]
[EventDate "2008.10.05"]
[EventType "team-tourn"]
[EventRounds "9"]
[EventCountry "GER"]
[SourceTitle "EXT 2010"]
[Source "ChessBase"]
[SourceDate "2010.11.25"]
[SourceVersion "1"]
[SourceVersionDate "2010.11.25"]
[SourceQuality "1"]
[WhiteTeam "Karlsruhe"]
[BlackTeam "Baden-Baden III"]
[WhiteTeamCountry "GER"]
[BlackTeamCountry "GER"]

1. e4 c5 2. Nf3 e6 3. d3 Nc6 4. g3 d6 5. c3 Nf6 6. Bg2 Be7 7. 0-0 0-0 8. Re1 Bd7 9. Nbd2 Rc8 10. Nf1 b5 11. h3 Qc7 12. N3h2 d5 13. f4 c4 14. e5 Ne8 15. d4 f5 16. Ne3 Rd8 17. g4 g6 18. Kh1 Ng7 19. Rg1 Kh8 20. Bd2 b4 21. gxf5 Nxf5 22. Nxf5 Rxf5 23. Ng4 Rb8 24. Ne3 Rff8 25. Qg4 Rb7 26. Qg3 bxc3 27. bxc3 Rb2 28. Bc1 Rbb8 29. f5 exf5 30. Nxd5 Qa5 31. Nxe7 Nxe7 32. Bg5 Nd5 33. e6 f4 34. Qe1 Ne3 35. Bxf4 Nxg2 36. Qe5+ Qxe5 37. Bxe5+ Kg8 38. exd7 1-0

[Event "Oberliga Baden 0809"]
[Site "Germany"]
[Date "2008.10.26"]
[Round "2.2"]
[White "Beck, Frederik"]
[Black "Neubauer, Martin"]
[Result "0-1"]
[WhiteElo "2327"]
[BlackElo "2422"]
[PlyCount "34"]
[EventDate "2008.10.05"]
[EventType "team-tourn"]
[EventRounds "9"]
[EventCountry "GER"]
[SourceTitle "EXT 2010"]
[Source "ChessBase"]
[SourceDate "2010.11.25"]
[SourceVersion "1"]
[SourceVersionDate "2010.11.25"]
[SourceQuality "1"]
[WhiteTeam "Baden-Baden III"]
[BlackTeam "Hockenheim"]
[WhiteTeamCountry "GER"]
[BlackTeamCountry "GER"]

1. e4 e6 2. d4 d5 3. exd5 exd5 4. Nf3 Nc6 5. h3 Bf5 6. a3 Nf6 7. Bg5 h6 8. Bh4 Bd6 9. Nc3 g5 10. Bg3 Bxg3 11. fxg3 Qd6 12. Qe2+ Ne4 13. 0-0-0 0-0-0 14. Nxe4 dxe4 15. Qb5 Bg6 16. Nd2 Nxd4 17. Qa5 e3 0-1

[Event "Banicky Kahanec 30th"]
[Site "Prievidza"]
[Date "2008.09.03"]
[Round "6"]
[White "Dobrotka, Martin"]
[Black "Beck, Frederik"]
[Result "0-1"]
[WhiteElo "2233"]
[BlackElo "2335"]
[PlyCount "146"]
[EventDate "2008.08.29"]
[EventType "tourn"]
[EventRounds "9"]
[EventCountry "SVK"]
[EventCategory "7"]
[SourceTitle "EXT 2010"]
[Source "ChessBase"]
[SourceDate "2010.11.25"]
[SourceVersion "1"]
[SourceVersionDate "2010.11.25"]
[SourceQuality "1"]

1. d4 Nf6 2. c4 c5 3. Nf3 cxd4 4. Nxd4 e5 5. Nc2 b5 6. Nc3 bxc4 7. e4 Ba6 8. Bg5 Bc5 9. Qf3 Nc6 10. Bxf6 Qxf6 11. Qxf6 gxf6 12. Nd5 Kd8 13. Nce3 Nb4 14. Nxb4 Bxb4+ 15. Kd1 Bc5 16. Nd5 Bxf2 17. Rc1 Rc8 18. b3 Bb7 19. Bxc4 Bxd5 20. exd5 Ke7 21. Rf1 Be3 22. Rc3 Bg5 23. g3 d6 24. Rcf3 Rhf8 25. Rf5 Rg8 26. h4 Bh6 27. Rxf6 Bf4 28. gxf4 Kxf6 29. fxe5+ Kxe5 30. Rxf7 Rcf8 31. Re7+ Kd4 32. Re2 Rg1+ 33. Kc2 Rg4 34. Rd2+ Kc5 35. h5 Rh4 36. Kb2 Rxh5 37. Rg2 Rhf5 38. Ka3 Rf2 39. Rg7 R2f7 40. Rg4 Rf4 41. Rg7 R4f7 42. Rg4 h5 43. Rh4 Rf5 44. Ka4 Kb6 45. Kb4 Rg8 46. Ka3 Rg4 47. Rh2 h4 48. Re2 h3 49. Re6 Kc5 50. Rh6 Rg3 51. Ka4 Rf2 52. a3 h2 53. Rh4 Kb6 54. Rh6 Rg6 55. Rxg6 h1Q 56. Rxd6+ Kc5 57. Ra6 Ra2 58. Ra5+ Kd4 59. Kb5 Qh7 60. Kc6 Rf2 61. d6 Rf6 62. Rd5+ Kc3 63. a4 Qe7 64. a5 Qd8 65. a6 Qc8+ 66. Kb5 Qb8+ 67. Kc6 Qe8+ 68. Kc7 Rf8 69. Rd3+ Kb4 70. d7 Qb8+ 71. Kc6 Rf6+ 72. Kd5 Qd6+ 73. Ke4 Qf4+ 0-1

[Event "Banicky Kahanec 30th"]
[Site "Prievidza"]
[Date "2008.08.29"]
[Round "1"]
[White "Velicka, Petr"]
[Black "Beck, Frederik"]
[Result "1/2-1/2"]
[WhiteElo "2492"]
[BlackElo "2335"]
[PlyCount "32"]
[EventDate "2008.08.29"]
[EventType "tourn"]
[EventRounds "9"]
[EventCountry "SVK"]
[EventCategory "7"]
[SourceTitle "EXT 2010"]
[Source "ChessBase"]
[SourceDate "2010.11.25"]
[SourceVersion "1"]
[SourceVersionDate "2010.11.25"]
[SourceQuality "1"]

1. e4 c5 2. Nf3 e6 3. b3 a6 4. Bb2 Nc6 5. Be2 Qc7 6. 0-0 Nf6 7. d3 d6 8. Nbd2 Be7 9. d4 cxd4 10. Nxd4 Bd7 11. c4 0-0 12. Kh1 b5 13. f4 Nxd4 14. Bxd4 e5 15. Be3 Bc6 16. Bd3 Qb7 1/2-1/2

[Event "Budapest FS08 IM-A"]
[Site "Budapest"]
[Date "2008.08.12"]
[Round "11"]
[White "Beck, Frederik"]
[Black "Szeberenyi, Adam"]
[Result "1-0"]
[WhiteElo "2335"]
[BlackElo "2318"]
[PlyCount "72"]
[EventDate "2008.08.02"]
[EventType "tourn"]
[EventRounds "11"]
[EventCountry "HUN"]
[EventCategory "3"]
[SourceTitle "CBM 125 Extra"]
[Source "ChessBase"]
[SourceDate "2008.09.01"]
[SourceVersion "1"]
[SourceVersionDate "2008.09.01"]
[SourceQuality "1"]

1. e4 c5 2. Nf3 d6 3. d4 cxd4 4. Qxd4 a6 5. c4 Nc6 6. Qe3 Nf6 7. h3 g6 8. Be2 Bg7 9. 0-0 0-0 10. Nc3 Bd7 11. Rd1 Rc8 12. Rb1 Qc7 13. b4 b5 14. cxb5 axb5 15. Nxb5 Qb7 16. Bb2 Ne5 17. Nxe5 Bxb5 18. Bxb5 Qxb5 19. Nf3 Qa4 20. a3 Qa8 21. e5 dxe5 22. Bxe5 Rc2 23. b5 Ne4 24. b6 Qb7 25. Bxg7 Kxg7 26. Re1 Nxf2 27. Nd4 Ra2 28. Qb3 Rd2 29. Nf5+ gxf5 30. Qc3+ e5 31. Qxd2 Ne4 32. Qe3 Rd8 33. Qf3 Rd2 34. Rf1 f4 35. Qg4+ Kf6 36. Qf3 Qd5 1-0

[Event "Budapest FS08 IM-A"]
[Site "Budapest"]
[Date "2008.08.06"]
[Round "5"]
[White "Lorand, Norbert"]
[Black "Beck, Frederik"]
[Result "0-1"]
[WhiteElo "2273"]
[BlackElo "2335"]
[PlyCount "86"]
[EventDate "2008.08.02"]
[EventType "tourn"]
[EventRounds "11"]
[EventCountry "HUN"]
[EventCategory "3"]
[SourceTitle "CBM 125 Extra"]
[Source "ChessBase"]
[SourceDate "2008.09.01"]
[SourceVersion "1"]
[SourceVersionDate "2008.09.01"]
[SourceQuality "1"]

1. e4 c5 2. Nf3 e6 3. d4 cxd4 4. Nxd4 Nc6 5. Nc3 Qc7 6. Be3 a6 7. Qd2 Nf6 8. 0-0-0 Be7 9. f3 0-0 10. g4 Rd8 11. g5 Nh5 12. Nb3 b5 13. f4 d5 14. e5 d4 15. Nxd4 Nxd4 16. Bxd4 Bb7 17. Rg1 Rxd4 18. Qxd4 Bc5 19. Qd7 Qxd7 20. Rxd7 Bxg1 21. Rxb7 Bxh2 22. f5 Bf4+ 23. Kb1 Bxe5 24. a4 Bxc3 25. bxc3 exf5 26. axb5 axb5 27. Bxb5 Nf4 28. Bd7 Ne6 29. Rb5 Rd8 30. Bc6 g6 31. Bb7 Nxg5 32. c4 Ne4 33. Rb4 h5 34. Kb2 h4 35. Bxe4 fxe4 36. c5 f5 37. Kc3 h3 38. Rb1 Kf7 39. Rh1 e3 40. c6 f4 41. Rxh3 e2 42. Rh1 Rd1 43. Rh7+ Kg8 0-1

[Event "GER-ch U18"]
[Site "Willingen"]
[Date "2008.05.14"]
[Round "6"]
[White "Beck, Frederik"]
[Black "Glantz, Robert"]
[Result "1-0"]
[WhiteElo "2315"]
[BlackElo "2101"]
[PlyCount "155"]
[EventDate "2008.05.11"]
[EventType "swiss"]
[EventRounds "9"]
[EventCountry "GER"]
[SourceTitle "CBM 124 Extra"]
[Source "ChessBase"]
[SourceDate "2008.07.03"]
[SourceVersion "1"]
[SourceVersionDate "2008.07.03"]
[SourceQuality "1"]

1. e4 c5 2. Nf3 d6 3. d4 cxd4 4. Nxd4 Nf6 5. Nc3 a6 6. g3 g6 7. Bg2 Bg7 8. 0-0 0-0 9. a4 Nbd7 10. Re1 e6 11. Qd2 Ne5 12. b3 Qc7 13. Ba3 Rd8 14. Rad1 Ne8 15. f4 Nc6 16. Nxc6 bxc6 17. e5 Bb7 18. exd6 Nxd6 19. Bxd6 Bxc3 20. Bxc7 Rxd2 21. Rxd2 Bxd2 22. Rd1 Be3+ 23. Kf1 Kf8 24. a5 Ke8 25. Ke2 Bc5 26. Kd3 Rc8 27. Kc4 Ba7 28. Bb6 Bb8 29. b4 Ke7 30. Bc5+ Ke8 31. Bb6 Ke7 32. Rd3 Ke8 33. Rd2 Ke7 34. Bd4 Ba8 35. Be5 Ba7 36. g4 f6 37. Bd6+ Ke8 38. g5 fxg5 39. fxg5 Rd8 40. Rd3 Bb7 41. Kb3 Bg1 42. Bf3 Ba7 43. h4 Kf7 44. h5 gxh5 45. Bxh5+ Kg8 46. Bg4 Bc8 47. Bf3 Bb7 48. Be4 Rd7 49. Kc4 Rd8 50. Bg2 Bg1 51. Be4 Ba7 52. Kc3 Rd7 53. Kd2 Bf2 54. Ke2 Bh4 55. Bf4 Rxd3 56. Kxd3 Bf2 57. c4 Be1 58. Bd2 Bg3 59. b5 Bc7 60. bxc6 Bc8 61. Kd4 Kg7 62. Bc3 Kh8 63. Kc5+ Kg8 64. Bd2 Kg7 65. Be1 Kh8 66. Kb4 Bd6+ 67. c5 Bc7 68. Bc3+ Kg8 69. Kc4 Bb8 70. Kd3 Bc7 71. Ke3 Bb8 72. Kf3 Bc7 73. Kg4 Bb8 74. Kh5 Bf4 75. Kh6 Be3 76. Bxh7+ Kf8 77. Be4 Bxc5 78. Kh7 1-0

[Event "GER-ch U18"]
[Site "Willingen"]
[Date "2008.05.12"]
[Round "3"]
[White "Heyder, Florian"]
[Black "Beck, Frederik"]
[Result "0-1"]
[WhiteElo "2067"]
[BlackElo "2315"]
[PlyCount "180"]
[EventDate "2008.05.11"]
[EventType "swiss"]
[EventRounds "9"]
[EventCountry "GER"]
[SourceTitle "CBM 124 Extra"]
[Source "ChessBase"]
[SourceDate "2008.07.03"]
[SourceVersion "1"]
[SourceVersionDate "2008.07.03"]
[SourceQuality "1"]

1. Nc3 c5 2. Nf3 e6 3. e4 Nc6 4. d4 cxd4 5. Nxd4 Qc7 6. Be2 a6 7. 0-0 Nf6 8. Be3 Bb4 9. Na4 Bd6 10. f4 Nxe4 11. Nxc6 bxc6 12. Nb6 Rb8 13. Nxc8 Rxc8 14. Bxa6 Rb8 15. Qd4 Nf6 16. Bc4 0-0 17. g3 c5 18. Qd3 Be7 19. a4 Ng4 20. Bc1 d5 21. Bb5 c4 22. Qe2 Nf6 23. Be3 Ne4 24. Rad1 Nd6 25. f5 Nxf5 26. Rxf5 exf5 27. Rxd5 Bf6 28. Qxc4 Qxc4 29. Bxc4 Bxb2 30. a5 Rfc8 31. Bd3 Rd8 32. Rxd8+ Rxd8 33. a6 Bd4 34. Kf2 Kf8 35. Bxd4 Rxd4 36. Bxf5 Ra4 37. Bd3 Ke7 38. Ke3 Kd6 39. Kd2 h6 40. Ke3 Ke5 41. Kf3 f5 42. Ke3 g5 43. h3 h5 44. Kf3 h4 45. Kf2 hxg3+ 46. Kxg3 Ra1 47. Kf3 Ra2 48. Kg3 Ra4 49. Kf3 Ra1 50. Kg3 f4+ 51. Kf2 Kd4 52. Kf3 Ke5 53. Kf2 Ra2 54. Kf3 Ra4 55. Kg4 Kf6 56. Kf3 Ra1 57. Kf2 Ke5 58. Kf3 Kd4 59. Kf2 Kc3 60. Kf3 Kd2 61. Kf2 Ra3 62. Kf3 Ra5 63. h4 gxh4 64. Kxf4 Ke1 65. Kg4 Ra4+ 66. Kh3 Kf2 67. a7 Ke3 68. a8Q Rxa8 69. Kxh4 Rg8 70. Kh5 Kf4 71. Kh6 Rg3 72. Bg6 Ke5 73. Kh5 Rg2 74. Bd3 Kf6 75. Kh4 Ke5 76. Kh5 Kf6 77. Kh4 Rg5 78. Kh3 Ke5 79. Kh4 Kf4 80. Kh3 Rg7 81. Kh4 Rg5 82. Kh3 Rg8 83. Kh2 Kf3 84. Bf1 Kf2 85. Bh3 Rh8 86. c4 Rh5 87. c5 Rxc5 88. Bg4 Rc6 89. Bf5 Rh6+ 90. Bh3 Rh7 0-1

[Event "GER-ch U18"]
[Site "Willingen"]
[Date "2008.05.11"]
[Round "1"]
[White "Farmani Anosheh, Armin"]
[Black "Beck, Frederik"]
[Result "1/2-1/2"]
[WhiteElo "2168"]
[BlackElo "2315"]
[PlyCount "48"]
[EventDate "2008.05.11"]
[EventType "swiss"]
[EventRounds "9"]
[EventCountry "GER"]
[SourceTitle "CBM 124 Extra"]
[Source "ChessBase"]
[SourceDate "2008.07.03"]
[SourceVersion "1"]
[SourceVersionDate "2008.07.03"]
[SourceQuality "1"]

1. e4 c5 2. Nf3 e6 3. d4 cxd4 4. Nxd4 Nc6 5. Nxc6 bxc6 6. Bd3 Nf6 7. 0-0 d5 8. Nd2 Qb6 9. Qe2 Be7 10. c4 0-0 11. b3 Bb7 12. Bb2 Rad8 13. e5 Nd7 14. cxd5 cxd5 15. Nf3 Qb4 16. Bd4 Bc5 17. a3 Qb6 18. Rfd1 g6 19. Qe3 Bxd4 20. Nxd4 f6 21. f4 fxe5 22. fxe5 Nc5 23. Be2 Rc8 24. Bg4 Rfe8 1/2-1/2

[Event "Boeblingen op 24th"]
[Site "Boeblingen"]
[Date "2007.12.28"]
[Round "5"]
[White "Beck, Frederik"]
[Black "Reljic, Radomir"]
[Result "1-0"]
[WhiteElo "2309"]
[BlackElo "2167"]
[PlyCount "71"]
[EventDate "2007.12.26"]
[EventType "swiss"]
[EventRounds "9"]
[EventCountry "GER"]
[SourceTitle "CBM 122 Extra"]
[Source "ChessBase"]
[SourceDate "2008.03.04"]
[SourceVersion "1"]
[SourceVersionDate "2008.03.04"]
[SourceQuality "1"]

1. e4 c5 2. Nf3 g6 3. d4 Bg7 4. Nc3 cxd4 5. Nxd4 Nc6 6. Nde2 d6 7. g3 h5 8. h3 Bd7 9. Bg2 Qc8 10. Nd5 Rb8 11. Nef4 Nf6 12. c3 b5 13. Be3 b4 14. c4 h4 15. g4 Nh7 16. Nd3 g5 17. Bd2 a5 18. Rc1 Ne5 19. Nxe5 Bxe5 20. b3 e6 21. Ne3 Bd4 22. Nc2 Bc5 23. f4 gxf4 24. Bxf4 Qc6 25. Qe2 Qb6 26. e5 Nf8 27. exd6 Ng6 28. Be3 Qxd6 29. 0-0 Qb6 30. Qf2 Bxe3 31. Nxe3 Rf8 32. c5 Qa7 33. c6 Bc8 34. c7 Rb6 35. Nf5 exf5 36. Rfe1+ 1-0

[Event "Oberliga Baden 0708"]
[Site "Germany"]
[Date "2007.12.09"]
[Round "4.3"]
[White "Beck, Frederik"]
[Black "Duessel, Udo"]
[Result "1-0"]
[WhiteElo "2292"]
[BlackElo "2283"]
[PlyCount "85"]
[EventDate "2007.10.21"]
[EventType "team-tourn"]
[EventRounds "9"]
[EventCountry "GER"]
[SourceTitle "EXT 2009"]
[Source "ChessBase"]
[SourceDate "2008.11.26"]
[SourceVersion "1"]
[SourceVersionDate "2008.11.26"]
[SourceQuality "1"]
[WhiteTeam "Baden Oos II"]
[BlackTeam "Waldshut"]
[WhiteTeamCountry "GER"]
[BlackTeamCountry "GER"]

1. e4 e5 2. Nf3 Nc6 3. Bc4 Nf6 4. Ng5 d5 5. exd5 Na5 6. Bb5+ c6 7. dxc6 bxc6 8. Be2 h6 9. Nf3 e4 10. Ne5 Bd6 11. d4 exd3 12. Nxd3 Qc7 13. b3 0-0 14. Bb2 Re8 15. h3 Qe7 16. Nc3 Nd5 17. Qd2 Nxc3 18. Bxc3 Nb7 19. Kf1 Nc5 20. Nxc5 Bxc5 21. Bd3 Qh4 22. Re1 Bd7 23. Be5 Rad8 24. Qf4 Qxf4 25. Bxf4 Bb4 26. Rxe8+ Rxe8 27. Be3 c5 28. Ke2 f5 29. Kd1 Bc6 30. Rg1 Be4 31. Bd2 a5 32. Bxe4 Rxe4 33. c3 Ba3 34. Re1 Rxe1+ 35. Bxe1 Kf7 36. Kc2 Ke6 37. Kd3 Kd6 38. Bd2 Bb2 39. c4 Bd4 40. f3 a4 41. Bc3 Bxc3 42. Kxc3 axb3 43. axb3 1-0

[Event "Oberliga Baden 0708"]
[Site "Germany"]
[Date "2007.10.21"]
[Round "1.2"]
[White "Beck, Frederik"]
[Black "Schneider, Bernd2"]
[Result "1/2-1/2"]
[WhiteElo "2292"]
[BlackElo "2284"]
[PlyCount "47"]
[EventDate "2007.10.21"]
[EventType "team-tourn"]
[EventRounds "9"]
[EventCountry "GER"]
[SourceTitle "EXT 2009"]
[Source "ChessBase"]
[SourceDate "2008.11.26"]
[SourceVersion "1"]
[SourceVersionDate "2008.11.26"]
[SourceQuality "1"]
[WhiteTeam "Baden Oos II"]
[BlackTeam "Eppingen II"]
[WhiteTeamCountry "GER"]
[BlackTeamCountry "GER"]

1. e4 c5 2. Nf3 e6 3. d4 cxd4 4. Nxd4 a6 5. Bd3 Qc7 6. 0-0 Nf6 7. Qe2 d6 8. Kh1 Nc6 9. Nxc6 bxc6 10. c4 Nd7 11. f4 Be7 12. Nc3 Nc5 13. Bc2 Rb8 14. Be3 0-0 15. Bxc5 dxc5 16. e5 f5 17. exf6 Bxf6 18. Ne4 Bd4 19. Ng5 g6 20. Rae1 Rxb2 21. Nxe6 Bxe6 22. Qxe6+ Qf7 23. Qxf7+ Kxf7 24. Bb3 1/2-1/2

[Event "EU-ch U18 17th"]
[Site "Sibenik"]
[Date "2007.09.23"]
[Round "9"]
[White "Potapov, Pavel"]
[Black "Beck, Frederik"]
[Result "1-0"]
[WhiteElo "2386"]
[BlackElo "2292"]
[PlyCount "85"]
[EventDate "2007.09.14"]
[EventType "swiss"]
[EventRounds "9"]
[EventCountry "CRO"]
[SourceTitle "CBM 120 Extra"]
[Source "ChessBase"]
[SourceDate "2007.11.01"]
[SourceVersion "1"]
[SourceVersionDate "2007.11.01"]
[SourceQuality "1"]

1. e4 c5 2. c3 Nf6 3. e5 Nd5 4. Nf3 e6 5. Bc4 d6 6. d4 cxd4 7. cxd4 Nb6 8. Bd3 dxe5 9. dxe5 Na6 10. 0-0 Nc5 11. Bc2 Qxd1 12. Rxd1 Bd7 13. Nc3 Rc8 14. Nd4 Nca4 15. Nxa4 Nxa4 16. Be4 Rc7 17. Bg5 Be7 18. Bxe7 Kxe7 19. Rd2 Rhc8 20. Rad1 Be8 21. f4 f5 22. Bf3 Nb6 23. Kf2 Bc6 24. Bxc6 bxc6 25. Rc1 Rd7 26. Rcd1 a6 27. g3 c5 28. Nb3 Rxd2+ 29. Rxd2 c4 30. Nd4 Rc5 31. Nxe6 Kxe6 32. Rd6+ Ke7 33. Rxb6 Ra5 34. Ke3 c3 35. bxc3 Rxa2 36. Rb7+ Ke6 37. Rxg7 Rxh2 38. Ra7 Rg2 39. Rxa6+ Kd5 40. Kf3 Rc2 41. Rd6+ Kc5 42. Rd3 Kc4 43. Re3 1-0

[Event "EU-ch U18 17th"]
[Site "Sibenik"]
[Date "2007.09.15"]
[Round "2"]
[White "Beck, Frederik"]
[Black "Bizopoulos, Alexandros"]
[Result "1-0"]
[WhiteElo "2292"]
[BlackElo "2075"]
[PlyCount "43"]
[EventDate "2007.09.14"]
[EventType "swiss"]
[EventRounds "9"]
[EventCountry "CRO"]
[SourceTitle "CBM 120 Extra"]
[Source "ChessBase"]
[SourceDate "2007.11.01"]
[SourceVersion "1"]
[SourceVersionDate "2007.11.01"]
[SourceQuality "1"]

1. e4 e5 2. Nf3 Nc6 3. Bb5 a6 4. Ba4 Nf6 5. d3 d6 6. c3 Be7 7. h3 0-0 8. 0-0 b5 9. Bc2 d5 10. Nbd2 Re8 11. d4 exd4 12. e5 dxc3 13. exf6 cxb2 14. fxe7 bxa1Q 15. exd8Q Rxd8 16. Bxh7+ Kh8 17. Ng5 Qf6 18. Qh5 Be6 19. Nxe6 fxe6 20. Nf3 Nd4 21. Nxd4 Qxd4 22. Bf5+ 1-0

[Event "Bischwiller"]
[Site "Bischwiller"]
[Date "2007.07.06"]
[Round "7"]
[White "Pfrommer, Christoph"]
[Black "Beck, Frederik"]
[Result "1-0"]
[WhiteElo "2358"]
[BlackElo "2292"]
[PlyCount "117"]
[EventDate "2007.07.01"]
[EventType "tourn"]
[EventRounds "9"]
[EventCountry "FRA"]
[EventCategory "4"]
[SourceTitle "EXT 2011"]
[Source "ChessBase"]
[SourceDate "2010.11.26"]
[SourceVersion "1"]
[SourceVersionDate "2010.11.26"]
[SourceQuality "1"]

1. Nf3 c5 2. c4 Nf6 3. Nc3 Nc6 4. g3 d5 5. d4 e6 6. cxd5 exd5 7. Bg2 Be7 8. 0-0 0-0 9. dxc5 Bxc5 10. Bg5 d4 11. Bxf6 Qxf6 12. Nd5 Qd8 13. Nd2 Re8 14. Rc1 Bf8 15. Nb3 Bg4 16. Re1 Rc8 17. Nxd4 Nxd4 18. Qxd4 Rxc1 19. Rxc1 Bxe2 20. Qxa7 b5 21. h4 Bc4 22. Rd1 Qc8 23. b3 Be2 24. Re1 Qc2 25. Qd7 Re5 26. Nf4 Qxa2 27. Rxe2 Rxe2 28. Nxe2 Qxe2 29. Bd5 Qe7 30. Qxb5 g6 31. Bc4 Qe1+ 32. Kg2 Qe4+ 33. Kg1 Kg7 34. Qd7 Qe1+ 35. Kg2 Qe4+ 36. Kh2 Be7 37. Bd5 Qe1 38. Kg2 Qe5 39. b4 Qd6 40. Qxd6 Bxd6 41. b5 f6 42. b6 Kf8 43. Kf3 Ke7 44. Bg8 h6 45. Ke4 Bc5 46. b7 Bd6 47. Kd5 Bb8 48. Be6 Bc7 49. Kc6 Bb8 50. Bc4 Be5 51. Kd5 Bb8 52. Bd3 f5 53. h5 gxh5 54. Bxf5 Kf6 55. Bh3 Kg5 56. Ke6 h4 57. f4+ Kh5 58. f5 hxg3 59. f6 1-0

[Event "Bischwiller"]
[Site "Bischwiller"]
[Date "2007.07.03"]
[Round "4"]
[White "Beck, Frederik"]
[Black "Karpatchev, Aleksandr"]
[Result "1-0"]
[WhiteElo "2292"]
[BlackElo "2466"]
[PlyCount "77"]
[EventDate "2007.07.01"]
[EventType "tourn"]
[EventRounds "9"]
[EventCountry "FRA"]
[EventCategory "4"]
[SourceTitle "EXT 2011"]
[Source "ChessBase"]
[SourceDate "2010.11.26"]
[SourceVersion "1"]
[SourceVersionDate "2010.11.26"]
[SourceQuality "1"]

1. e4 e5 2. Nf3 Nc6 3. Bc4 Nf6 4. Ng5 d5 5. exd5 b5 6. Bf1 Nd4 7. c3 Nxd5 8. cxd4 Qxg5 9. Bxb5+ Kd8 10. Qf3 Bb7 11. 0-0 exd4 12. Re1 Bd6 13. d3 Qg6 14. Bc4 c6 15. Nd2 Nf6 16. Ne4 c5 17. Bf4 Be7 18. Bg3 Rc8 19. Qd1 h5 20. Qb3 Bxe4 21. dxe4 h4 22. Bxf7 Qg5 23. Bb8 Nd7 24. Bxa7 Rh6 25. e5 h3 26. g3 Rhc6 27. e6 c4 28. Qf3 Nc5 29. Bxc5 Rxc5 30. Rad1 d3 31. b3 Qd5 32. Qxd5+ Rxd5 33. bxc4 Rxc4 34. Re3 d2 35. Kf1 Rc2 36. Ke2 Rxa2 37. Rd3 Rxd3 38. Kxd3 Bc5 39. e7+ 1-0

[Event "GER-ch U18"]
[Site "Willingen"]
[Date "2007.05.30"]
[Round "7"]
[White "Siebarth, Raiko"]
[Black "Beck, Frederik"]
[Result "1/2-1/2"]
[WhiteElo "2179"]
[BlackElo "2346"]
[PlyCount "43"]
[EventDate "2007.05.26"]
[EventType "swiss"]
[EventRounds "9"]
[EventCountry "GER"]
[SourceTitle "CBM 118 Extra"]
[Source "ChessBase"]
[SourceDate "2007.07.04"]
[SourceVersion "1"]
[SourceVersionDate "2007.07.04"]
[SourceQuality "1"]

1. d4 d5 2. c4 c6 3. Nc3 Nf6 4. Nf3 e6 5. Bf4 Nbd7 6. e3 Be7 7. cxd5 exd5 8. Bd3 Nf8 9. h3 Ne6 10. Bh2 0-0 11. 0-0 g6 12. Ne5 Ng7 13. Rb1 Bf5 14. b4 a6 15. a4 Nd7 16. b5 axb5 17. axb5 Nxe5 18. Bxe5 Bxd3 19. Qxd3 Ne6 20. bxc6 bxc6 21. Rb7 Bd6 22. Bxd6 1/2-1/2

[Event "GER-ch U18"]
[Site "Willingen"]
[Date "2007.05.29"]
[Round "6"]
[White "Beck, Frederik"]
[Black "Figura, Atila Gajo"]
[Result "1-0"]
[WhiteElo "2346"]
[BlackElo "2408"]
[PlyCount "55"]
[EventDate "2007.05.26"]
[EventType "swiss"]
[EventRounds "9"]
[EventCountry "GER"]
[SourceTitle "CBM 118 Extra"]
[Source "ChessBase"]
[SourceDate "2007.07.04"]
[SourceVersion "1"]
[SourceVersionDate "2007.07.04"]
[SourceQuality "1"]

1. e4 c5 2. Nf3 e6 3. d4 cxd4 4. Nxd4 Nc6 5. Nc3 Qc7 6. g3 a6 7. Bg2 d6 8. 0-0 Bd7 9. Be3 Nf6 10. f4 Be7 11. Nb3 h5 12. h3 h4 13. g4 g5 14. e5 dxe5 15. fxg5 Nh7 16. Ne4 0-0-0 17. Qe1 Rdf8 18. Rd1 Kb8 19. Qf2 Be8 20. Bb6 Qc8 21. Nd6 Bxd6 22. Rxd6 f5 23. Rfd1 fxg4 24. Qc5 Bh5 25. Rxc6 gxh3 26. Bc7+ Qxc7 27. Rxc7 hxg2 28. Rxb7+ 1-0